Statistics for Jetpunk's Easiest Quiz

Click here to take the quiz!

General Stats

  • This quiz has been taken 1,503 times
    (1,346 since last reset)
  • The average score is 15 of 16

Answer Stats

HintAnswer% Correct
Zero as a number0
100%
What is the name of this quiz websiteJetpunk
100%
What colour is the skyBlue
100%
The first letter of the alaphabetA
100%
What animal barksA dog
99%
What planet do we live onEarth
99%
What is the opposite of yesNo
99%
What is the opposite of upDown
96%
Piece of jewelery that goes on a fingerRing
96%
An orange is what colourOrange
96%
Where do fish liveIn water
96%
Is Harry Potter better than TwilightYes
96%
Are you getting bored of these pointless questionsOf course not
96%
Knock KnockWho's there
95%
Where do feathers come fromBirds
93%
Where does the Loch Ness Monster liveThe Loch Ness
82%

Score Distribution

Percentile by Number Answered

Percent of People with Each Score

Your Score History

You have not taken this quiz since the last reset